000 00639nam a22002297a 4500
005 20241212100218.0
008 241212b ||||| |||| 00| 0 eng d
040 _cAL
041 _aEnglish
082 _223
_a349.42
_bMACH
100 _aMackay
_9190024
245 _aHalsburys Laws of England: Vol 48
250 _a4.
260 _aLondon
_bButterWorths and Co Ltd
_c2000
300 _a722 p.
_bHB
_c25x16 cm.
365 _a1061
_b₹4962.80
_c
_d₹6845.24
_e27%
_f28-11-2024
440 _aVolume 48
_9190025
650 _aLaw
_9190026
650 _aTrade Marks
_9190027
650 _aTrade Names Trusts
_9190028
942 _2ddc
_cBI
999 _c232628
_d232628